000
00327nam a2200121Ia 4500
008
190723s9999 xx 000 0 und d
020
_a
81-219-2660-2
100
_a
B.L.Theraja
245
0
_a
Fundamentals of Electrical Engineering and Electronics
260
_a
New Delhi
_b
S.Chand Company
_c
2009
300
_a
841
942
_c
BK
999
_c
1359
_d
1359